000 00549nam a2200193Ia 4500
005 20250512105439.0
008 241212s9999 xx 000 0 und d
020 _a9781032295633
_qpbk
041 _aeng
082 _a305.5
_bLEV
100 _aLevine . F Rhonda
245 0 _aWhen Race Meets Class
_cRhonda F. Levine
250 _aFirst edition
260 _bRoutledge,
_c2022
_aNew york
300 _a192p;
_c22 cm
504 _aindex
650 _aSociology ; Discrimination raciale ; Jeunesse noire américaine Conditions.
942 _cREF
999 _c566204
_d566204